[Event "45th Olympiad 2024"]
[Site "Budapest HUN"]
[Date "2024.09.22"]
[Round "11.6"]
[White "Tabatabaei, M. Amin"]
[Black "Sargsyan, Shant"]
[Result "1/2-1/2"]
[WhiteElo "2714"]
[BlackElo "2649"]
[PlyCount "101"]
[EventDate "2024.09.11"]
[WhiteTeam "Iran"]
[BlackTeam "Armenia"]
[WhiteTeamCountry "IRI"]
[BlackTeamCountry "ARM"]

1. c4 e6 2. Nc3 d5 3. d4 c5 4. cxd5 exd5 5. Nf3 Nc6 6. dxc5 d4 7. Na4 Bxc5 8. Nxc5 Qa5+ 9. Bd2 Qxc5 10. Rc1 Qb6 11. e3 Nf6 12. Qa4 O-O 13. Nxd4 Qxb2 14. Nxc6 bxc6 15. Qc2 Rb8 16. Bc4 Qxc2 17. Rxc2 Bf5 18. Rc1 Ne4 19. Ba5 Rb2 20. O-O Nd2 21. Bxd2 Rxd2 22. f3 $146 ({RR} 22. Bb3 Rc8 23. f3 c5 24. Rf2 Rd6 25. e4 Be6 26. Bxe6 fxe6 27. Rfc2 Ra6 28. Rxc5 Rxc5 29. Rxc5 Rxa2 30. Rc7 Kf8 31. h4 h5 32. Kh2 a5 33. Kh3 a4 34. g4 a3 35. Ra7 g6 36. Kg3 e5 {½-½ Lodici,L (2483)-Valsecchi,A (2519) ITA-ch Online Final KO rapid 2020 (2.1)}) ({RR} 22. Bb3 Rc8 23. f3 c5 24. Rf2 Rd6 25. e4 Be6 26. Bxe6 fxe6 27. Rfc2 Ra6 28. Rxc5 Rxc5 29. Rxc5 Rxa2 30. Rc7 Kf8 31. h4 h5 32. Kh2 a5 33. Kh3 a4 34. g4 a3 35. Ra7 g6 36. Kg3 e5 {Lodici,L (2483)-Valsecchi,A (2519) Premium Chess Arena INT 2020 ½-½ (53)}) ({RR} 22. Bb3 Rc8 23. f3 c5 24. Rf2 Rd6 25. e4 Be6 26. Bxe6 fxe6 27. Rfc2 Ra6 28. Rxc5 Rxc5 29. Rxc5 Rxa2 30. Rc7 Kf8 31. h4 h5 32. Kh2 a5 33. Kh3 a4 34. g4 a3 35. Ra7 g6 36. Kg3 e5 {Lodici,L (2483)-Valsecchi,A (2519) Premium Chess Arena INT 2020 ½-½ (53)}) 22... Rfd8 23. Rfe1 Be6 24. Bxe6 fxe6 25. a4 Ra2 26. Ra1 Rdd2 27. Rxa2 Rxa2 28. Rc1 Rxa4 29. Rxc6 Kf7 30. Kf2 Ra2+ 31. Kg3 e5 32. e4 h6 33. h4 h5 34. Kh3 Ra3 35. Rc5 Kf6 36. Rc8 g6 37. Kh2 Ra2 38. Rc3 a5 39. Kh3 a4 40. Rc6+ Kf7 41. Ra6 Ra1 42. Kg3 a3 43. f4 Re1 44. Rxa3 Rxe4 45. Rf3 Rxf4 46. Rxf4+ exf4+ 47. Kxf4 Kf6 48. g4 hxg4 49. Kxg4 Kf7 50. h5 gxh5+ 51. Kxh5 1/2-1/2

[Event "ESP-chT CECLUB Honor"]
[Site "Linares"]
[Date "2025.08.14"]
[Round "7.20"]
[White "Ivanchuk, Vassily"]
[Black "Vallejo Pons, Francisco"]
[Result "1/2-1/2"]
[WhiteElo "2623"]
[BlackElo "2640"]
[PlyCount "60"]
[EventDate "2025.08.08"]
[EventType "team-tourn"]
[EventRounds "7"]
[EventCountry "ESP"]
[SourceTitle "Mega2025 Update 42"]
[Source "Chessbase"]
[SourceDate "2025.08.22"]
[SourceVersion "1"]
[SourceVersionDate "2025.08.22"]
[SourceQuality "1"]
[WhiteTeam "Solvay"]
[BlackTeam "Myinvestor Casablanca"]
[WhiteTeamCountry "ESP"]
[BlackTeamCountry "ESP"]

1. d4 d5 2. c4 e6 3. Nc3 c5 4. cxd5 cxd4 5. Qxd4 Nc6 6. Qd2 ({RR} 6. Qd3 exd5 7. Nf3 d4 8. Nb5 Bb4+ 9. Bd2 Bxd2+ 10. Qxd2 Nf6 11. Nfxd4 Qb6 12. Nxc6 bxc6 13. Nd6+ Kf8 14. Nc4 Qb5 15. Qd6+ Ke8 16. Qxf6 gxf6 17. Nd6+ Ke7 18. Nxb5 cxb5 19. e3 a6 20. Rc1 Be6 {Oparin,G (2662)-Riehle,M (2380) chess.com INT 2024 1-0 (67)}) ({RR} 6. Qd3 exd5 7. Nf3 d4 8. Nb5 Bb4+ 9. Bd2 Bxd2+ 10. Qxd2 Nf6 11. Nfxd4 Qb6 12. Nxc6 bxc6 13. Nd6+ Kf8 14. Nc4 Qb5 15. Qd6+ Ke8 16. Qxf6 gxf6 17. Nd6+ Ke7 18. Nxb5 cxb5 19. e3 a6 20. Rc1 Be6 {Oparin,G (2662)-Riehle,M (2380) chess.com INT 2024 1-0 (67)}) 6... exd5 7. Qxd5 Qc7 {7...Bd6 is the modern continuation. 7...Ld6 ist die moderne Fortsetzung.} ({RR} 7... Bd6 8. Bg5 Nge7 9. Qd2 h6 10. O-O-O hxg5 11. Qxd6 Qxd6 12. Rxd6 Nf5 13. Rd1 Be6 14. e3 f6 15. Nf3 Rc8 16. Bd3 Kf7 17. Kb1 g4 18. Nd2 Ne5 19. Be4 Rcd8 20. Kc2 Nd6 21. Bd5 b5 22. Bxe6+ {Huallpa Fernandez,H (2040)-Nunez Castaneda,J (1839) Temuco CHI 2026 1-0 (60)}) ({RR} 7... Bd6 8. Bg5 Nge7 9. Qd2 h6 10. O-O-O hxg5 11. Qxd6 Qxd6 12. Rxd6 Nf5 13. Rd1 Be6 14. e3 f6 15. Nf3 Rc8 16. Bd3 Kf7 17. Kb1 g4 18. Nd2 Ne5 19. Be4 Rcd8 20. Kc2 Nd6 21. Bd5 b5 22. Bxe6+ {Huallpa Fernandez,H (2040)-Nunez Castaneda,J (1839) Temuco CHI 2026 1-0 (60)}) 8. e3 $146 ({RR} 8. Nf3 Nf6 9. Qd2 Bg4 10. Qf4 Bd6 11. Qg5 O-O 12. Bd2 Nb4 13. Rc1 Rfe8 14. e3 b6 15. a3 h6 16. Qh4 Nc6 17. Nb5 Qd7 18. Nxd6 Qxd6 19. Be2 Rad8 20. Bc3 Re4 21. Bxf6 Bxf3 22. Bxd8 Rxh4 {Smietanska,W (2121)-Garbuz,V (2199) chess.com INT 2024 1-0 (59)}) ({RR} 8. Nf3 Nf6 9. Qd2 Bg4 10. Qf4 Bd6 11. Qg5 O-O 12. Bd2 Nb4 13. Rc1 Rfe8 14. e3 b6 15. a3 h6 16. Qh4 Nc6 17. Nb5 Qd7 18. Nxd6 Qxd6 19. Be2 Rad8 20. Bc3 Re4 21. Bxf6 Bxf3 22. Bxd8 Rxh4 {Smietanska,W (2121)-Garbuz,V (2199) chess.com INT 2024 1-0 (59)}) 8... Nf6 9. Qb3 Bc5 10. Nf3 O-O 11. Be2 Be6 12. Qc2 $146 (12. Qa4 Rfd8 13. O-O a6 14. a3 b5 15. Qh4 Na5 16. Ng5 Bf5 17. Bf3 Nb3 18. Bxa8 Nxa1 {0-1 Yelisieiev,Y (2403)-Aradhya,G (2418) Titled Tuesday intern op 25th Jun Early blitz 2024 (9)}) 12... Nb4 13. Qb1 Rad8 14. O-O Rfe8 15. b3 g6 16. Bb2 Ng4 17. Qc1 Bd7 18. Nb5 Bxb5 19. Qc3 Ne5 20. Bxb5 Nd5 21. Qe1 Nxf3+ 22. gxf3 Re6 23. Kh1 a6 24. Bc4 Bb4 25. Qb1 Nxe3 26. Bxe6 Nxf1 27. Qxf1 fxe6 28. Rd1 Be7 29. Rxd8+ Qxd8 30. Qc4 Qd5 1/2-1/2

[Event "Tsaghkadzor ChessMood op"]
[Site "Tsaghkadzor"]
[Date "2021.10.11"]
[Round "8"]
[White "Narayanan, Sunilduth Lyna"]
[Black "Erigaisi, Arjun Kumar"]
[Result "1-0"]
[WhiteElo "2647"]
[BlackElo "2634"]
[PlyCount "115"]
[EventDate "2021.10.04"]
[EventType "swiss"]
[EventRounds "9"]
[EventCountry "ARM"]
[SourceTitle "EXT 2022"]
[Source "ChessBase"]
[SourceDate "2021.10.06"]
[SourceVersion "1"]
[SourceVersionDate "2021.10.06"]
[SourceQuality "1"]

1. d4 {[%emt 0:00:01]} d5 {[%emt 0:02:03]} 2. c4 {[%emt 0:00:17]} e6 {[%emt 0:00:05]} 3. Nf3 {[%emt 0:00:04]} Nf6 {[%emt 0:00:05]} 4. Nc3 {[%emt 0:00:18]} c5 {[%emt 0:00:06]} 5. cxd5 {[%emt 0:00:16]} exd5 {[%emt 0:00:05]} 6. g3 {[%emt 0:00:54]} Nc6 {[%emt 0:00:06]} 7. a3 {[%emt 0:01:07]} Bg4 {[%emt 0:03:07]} ({RR} 7... cxd4 8. Nxd4 Bc5 9. Be3 Bb6 10. Bg2 O-O 11. O-O Re8 12. Kh1 Bg4 13. Re1 Qd7 14. Nxc6 Bxe3 15. Nb4 Bxf2 16. Rf1 d4 17. Rxf2 dxc3 18. Qxd7 Bxd7 19. bxc3 Ng4 20. Rf4 Rxe2 21. Bxb7 Rb8 22. Bg2 {Abdusattorov,N (2777)-So,W (2747) Kolkata IND 2024 0-1 (37)}) ({RR} 7... cxd4 8. Nxd4 Bc5 9. Be3 Bb6 10. Bg2 O-O 11. O-O Re8 12. Kh1 Bg4 13. Re1 Qd7 14. Nxc6 Bxe3 15. Nb4 Bxf2 16. Rf1 d4 17. Rxf2 dxc3 18. Qxd7 Bxd7 19. bxc3 Ng4 20. Rf4 Rxe2 21. Bxb7 Rb8 22. Bg2 {Abdusattorov,N (2777)-So,W (2747) Kolkata IND 2024 0-1 (37)}) 8. Be3 {[%emt 0:02:43]} Bxf3 {[%emt 0:06:54]} 9. exf3 {[%emt 0:00:21]} a6 $146 {[%emt 0:18:11]} ({RR} 9... c4 10. Bg2 Be7 11. O-O O-O 12. g4 Qa5 13. g5 Ne8 14. f4 Nc7 15. f5 Rfd8 16. Qg4 Rac8 17. f6 Bf8 18. h4 Ne6 19. h5 Rd6 20. g6 Qd8 21. fxg7 Bxg7 22. gxf7+ Kxf7 23. h6 Bxd4 24. Nb5 {Osmak,Y (2451)-Calzetta Ruiz,M (2199) Batumi GEO 2026 1-0 (34)}) ({RR} 9... c4 10. Bg2 Be7 11. O-O O-O 12. g4 Qa5 13. g5 Ne8 14. f4 Nc7 15. f5 Rfd8 16. Qg4 Rac8 17. f6 Bf8 18. h4 Ne6 19. h5 Rd6 20. g6 Qd8 21. fxg7 Bxg7 22. gxf7+ Kxf7 23. h6 Bxd4 24. Nb5 {Osmak,Y (2451)-Calzetta Ruiz,M (2199) Batumi GEO 2026 1-0 (34)}) 10. Bg2 {[%emt 0:05:37]} Be7 {[%emt 0:01:03]} 11. O-O {[%emt 0:00:15]} O-O {[%emt 0:02:09]} 12. f4 {[%emt 0:01:13]} Rb8 {[%emt 0:13:35]} 13. h3 {[%emt 0:10:17]} cxd4 {[%emt 0:10:01]} 14. Bxd4 {[%emt 0:00:17]} Ne4 {[%emt 0:00:08]} 15. Nxe4 {[%emt 0:09:28]} dxe4 {[%emt 0:00:18]} 16. Be3 {[%emt 0:00:33]} Qxd1 {[%emt 0:05:30]} 17. Rfxd1 {[%emt 0:00:48]} f5 {[%emt 0:00:15]} 18. f3 {[%emt 0:13:40]} exf3 {[%emt 0:01:17]} 19. Bxf3 {[%emt 0:00:05]} Bf6 {[%emt 0:00:25]} 20. Bd5+ {[%emt 0:00:42]} Kh8 {[%emt 0:00:07]} 21. Rd2 {[%emt 0:00:10]} g6 {[%emt 0:05:03]} 22. Rc1 {[%emt 0:07:28]} Rfd8 {[%emt 0:02:29]} 23. Rcc2 {[%emt 0:03:12]} Ne7 {[%emt 0:03:52]} 24. Bf3 {[%emt 0:01:19]} Rxd2 {[%emt 0:00:08]} 25. Rxd2 {[%emt 0:00:17]} Nc6 {[%emt 0:01:14]} 26. Bb6 {[%emt 0:07:38]} Re8 {[%emt 0:03:17]} 27. Kf2 {[%emt 0:03:46]} Re6 {[%emt 0:03:23]} 28. Be3 {[%emt 0:03:47]} Na5 {[%emt 0:05:35]} 29. Bd5 {[%emt 0:03:16]} Rd6 {[%emt 0:00:07]} 30. b4 {[%emt 0:06:50]} Nc6 {[%emt 0:00:08]} 31. Ke2 {[%emt 0:02:32]} Kg7 {[%emt 0:00:57]} 32. Bc5 {[%emt 0:01:40]} Rd8 {[%emt 0:00:23]} 33. Rd3 {[%emt 0:00:32]} g5 {[%emt 0:03:34]} 34. a4 {[%emt 0:02:06]} gxf4 {[%emt 0:03:37]} 35. gxf4 {[%emt 0:00:04]} b6 {[%emt 0:03:12]} 36. Bxb6 {[%emt 0:05:00]} Re8+ {[%emt 0:00:02]} 37. Re3 {[%emt 0:00:55]} Rxe3+ {[%emt 0:01:19]} 38. Kxe3 {[%emt 0:00:13]} Nxb4 {[%emt 0:00:05]} 39. Bb7 {[%emt 0:01:03]} Kf7 {[%emt 0:02:52]} 40. Ba5 {[%emt 0:02:54]} Bc3 {[%emt 0:00:29]} 41. Kf3 {[%emt 0:01:34]} Ke6 {[%emt 0:11:39]} 42. Bc8+ {[%emt 0:00:37]} Kd5 {[%emt 0:02:04]} 43. Bxf5 {[%emt 0:00:20]} h6 {[%emt 0:00:37]} 44. Bc8 {[%emt 0:01:00]} Kc4 {[%emt 0:00:16]} 45. Kg4 {[%emt 0:03:16]} Kb3 {[%emt 0:00:34]} 46. Bd7 {[%emt 0:02:29]} Bd2 {[%emt 0:00:59]} 47. f5 {[%emt 0:00:18]} Bg5 {[%emt 0:00:13]} 48. Bxb4 {[%emt 0:04:42]} Kxb4 {[%emt 0:00:07]} 49. Kh5 {[%emt 0:00:01]} Kc5 {[%emt 0:01:20]} 50. Kg6 {[%emt 0:00:04]} Kd6 {[%emt 0:00:32]} 51. Bc8 {[%emt 0:00:02]} Ke7 {[%emt 0:03:56]} 52. Bxa6 {[%emt 0:00:09]} Kf8 {[%emt 0:00:49]} 53. Bc4 {[%emt 0:00:06]} Bd2 {[%emt 0:00:18]} 54. Kf6 {[%emt 0:00:05]} Bc3+ {[%emt 0:00:17]} 55. Ke6 {[%emt 0:00:11]} Kg7 {[%emt 0:00:15]} 56. Be2 {[%emt 0:00:08]} Bd2 {[%emt 0:00:35]} 57. f6+ {[%emt 0:00:34]} Kf8 {[%emt 0:00:06]} 58. f7 {[%emt 0:00:15]} 1-0

[Event "Interpolis"]
[Site "Tilburg"]
[Date "1992.10.10"]
[Round "1.4"]
[White "Georgiev, Kiril"]
[Black "Lobron, Eric"]
[Result "1-0"]
[WhiteElo "2610"]
[BlackElo "2625"]
[PlyCount "93"]
[EventDate "1992.10.08"]
[EventType "k.o."]
[EventRounds "7"]
[EventCountry "NED"]
[SourceTitle "CBM 032"]
[Source "ChessBase"]
[SourceDate "1993.02.01"]
[SourceVersion "1"]
[SourceVersionDate "1993.02.01"]
[SourceQuality "1"]

{Barrage 30'} 1. Nf3 Nf6 2. c4 e6 3. Nc3 c5 4. g3 d5 5. cxd5 exd5 6. d4 Nc6 7. Bg2 h6 8. O-O Be6 9. Bf4 Rc8 10. Rc1 c4 11. Ne5 ({RR} 11. b3 Ba3 12. Rb1 Qa5 13. Na4 Bf5 14. Ra1 c3 15. Ne1 Bb2 16. Nc5 Qb6 17. Na4 Qb5 18. Rc1 Bxc1 19. Nxc3 Qa5 20. Qxc1 Nxd4 21. Qe3+ Ne6 22. Be5 Ng4 23. Qf3 Nxe5 24. Qxf5 Qxc3 25. Bxd5 O-O {Belous,V (2493)-Duda,J (2739) chess.com INT 2026 0-1}) ({RR} 11. b3 Ba3 12. Rb1 Qa5 13. Na4 Bf5 14. Ra1 c3 15. Ne1 Bb2 16. Nc5 Qb6 17. Na4 Qb5 18. Rc1 Bxc1 19. Nxc3 Qa5 20. Qxc1 Nxd4 21. Qe3+ Ne6 22. Be5 Ng4 23. Qf3 Nxe5 24. Qxf5 Qxc3 25. Bxd5 O-O {Belous,V (2493)-Duda,J (2739) chess.com INT 2026 0-1}) 11... Bb4 12. Qa4 Bxc3 $146 ({RR} 12... Ba5 13. Nb5 O-O 14. Nxc6 Rxc6 15. h3 Ra6 16. Qc2 Qd7 17. a4 Bxh3 18. Be5 Bxg2 {½-½ (18) Merkel,G (2203)-Keller,H (2041) Freudenstadt 2015}) ({RR} 12... Qa5 13. Qxa5 Nxa5 14. f3 Nc6 15. Nxc6 bxc6 16. Be5 O-O 17. e4 Nd7 18. exd5 cxd5 19. Bf4 g5 20. Bd2 Nb6 21. f4 Bxc3 22. bxc3 f6 23. Rce1 Rce8 24. fxg5 hxg5 25. Bc1 Kg7 26. Ba3 Rf7 27. Re3 {Polacik,I (2130)-Sturc,G (2129) Slovakia 2007 1-0 (36)}) ({RR} 12... Ba5 13. Nb5 O-O 14. Nxc6 Rxc6 15. h3 Ra6 16. Qc2 Qd7 17. a4 Bxh3 18. Be5 Bxg2 {½-½ (18) Merkel,G (2203)-Keller,H (2041) Freudenstadt 2015}) ({RR} 12... Qa5 13. Qxa5 Nxa5 14. f3 Nc6 15. Nxc6 bxc6 16. Be5 O-O 17. e4 Nd7 18. exd5 cxd5 19. Bf4 g5 20. Bd2 Nb6 21. f4 Bxc3 22. bxc3 f6 23. Rce1 Rce8 24. fxg5 hxg5 25. Bc1 Kg7 26. Ba3 Rf7 27. Re3 {Polacik,I (2130)-Sturc,G (2129) Slovakia 2007 1-0 (36)}) 13. bxc3 O-O 14. Nxc6 bxc6 15. Rb1 Qd7 16. Qb4 Bh3 17. Qd6 Qxd6 18. Bxd6 Bxg2 19. Kxg2 Rfe8 20. Rb2 Ne4 21. Bb4 Rb8 22. Rfb1 Rb7 23. Ba5 Rxb2 24. Rxb2 Nd6 25. a4 g5 26. g4 Rc8 27. f3 f5 28. h3 Kf7 29. Bb4 Rb8 30. Rc2 Nb7 31. gxf5 Re8 32. a5 a6 33. Kf2 Kf6 34. Rc1 Kxf5 35. Rg1 h5 36. Re1 Re6 37. Rb1 Re8 38. Rg1 Nd8 39. Bd6 Nf7 40. Bh2 Nh6 41. Rb1 g4 42. hxg4+ hxg4 43. Rb6 gxf3 44. exf3 Nf7 45. Rxc6 Ng5 46. Be5 Ne6 47. Rxa6 1-0

[Event "Julius Baer Play-In Match"]
[Site "chess.com INT"]
[Date "2023.07.25"]
[Round "1.2"]
[White "Andreikin, D."]
[Black "Oparin, G."]
[Result "1-0"]
[WhiteElo "2729"]
[BlackElo "2681"]
[PlyCount "97"]
[EventDate "2023.07.24"]
[EventType "k.o."]

1. d4 Nf6 2. c4 e6 3. Nf3 d5 4. Nc3 c5 5. e3 Nc6 6. cxd5 exd5 7. Bb5 cxd4 8. Nxd4 Bd7 9. O-O Bd6 10. Be2 O-O 11. Ndb5 Be5 12. Nxd5 Nxd5 13. Qxd5 Qe7 14. Nc3 Rad8 $146 ({RR} 14... Be6 15. Qf3 Rfd8 16. h3 Qb4 17. a3 Qb3 18. Bd1 Qc4 19. Be2 Qb3 20. a4 Qb4 21. Rd1 Bxc3 22. bxc3 Qxc3 23. Rb1 Rxd1+ 24. Bxd1 Ba2 25. Bb2 Qb4 26. Qg3 g6 27. Qg5 Qe1+ 28. Kh2 Qxf2 29. Qc5 {Bocharov,D (2557)-Sharafiev,A (2432) Sochi 2018 1-0 (36)}) ({RR} 14... Be6 15. Qf3 Rfd8 16. h3 Qb4 17. a3 Qb3 18. Bd1 Qc4 19. Be2 Qb3 20. a4 Qb4 21. Rd1 Bxc3 22. bxc3 Qxc3 23. Rb1 Rxd1+ 24. Bxd1 Ba2 25. Bb2 Qb4 26. Qg3 g6 27. Qg5 Qe1+ 28. Kh2 Qxf2 29. Qc5 {Bocharov,D (2557)-Sharafiev,A (2432) Sochi 2018 1-0 (36)}) 15. Qb3 Be6 16. Qa4 a6 17. f4 Bc7 18. Qe4 g6 19. Bxa6 f5 20. Qf3 Ne5 21. Qxb7 Nd3 22. Qf3 Bb6 23. Kh1 Nb4 24. Bb5 Bf7 25. a4 Nc2 26. Rb1 Qc5 27. Qe2 Nxe3 28. a5 Ba7 29. Bxe3 Qxe3 30. Qxe3 Bxe3 31. a6 Rd6 32. Ra1 Rb8 33. Rfe1 Bc5 34. a7 Ra8 35. Re7 Kf8 36. Rc7 Bd4 37. h3 h6 38. Be2 Bb6 39. Rb7 Be8 40. Bf3 Bd4 41. Rc7 Rxa7 42. Rcxa7 Bxa7 43. Rxa7 g5 44. Kg1 Bf7 45. Ra5 Be6 46. Re5 Kg7 47. Nb5 Rb6 48. Nd4 Bd7 49. Re7+ 1-0

[Event "Chessable Masters Div 1 W"]
[Site "chess.com INT"]
[Date "2023.04.03"]
[Round "1.2"]
[White "Le, Quang Liem"]
[Black "Caruana, F."]
[Result "1/2-1/2"]
[WhiteElo "2728"]
[BlackElo "2764"]
[PlyCount "81"]
[EventDate "2023.04.03"]

1. c4 c5 2. Nf3 Nf6 3. Nc3 e6 4. g3 d5 5. cxd5 exd5 6. d4 Nc6 7. Bg2 cxd4 8. Nxd4 Bc5 9. Nb3 Bb6 10. Na4 O-O 11. Nxb6 axb6 12. Be3 Re8 13. O-O Bf5 14. Nd4 Be4 15. Bh3 $146 ({RR} 15. f3 Bb1 16. Bf2 Bxa2 17. b3 Qe7 18. Nb5 Qb4 19. Nc7 Bxb3 20. Nxe8 Rxe8 21. Qc1 b5 22. Qb2 {1-0 (22) De Winter,A (2455)-Mostertman,M (2300) Hilversum NED 2026}) ({RR} 15. f3 Bb1 16. Bf2 Bxa2 17. b3 Qe7 18. Nb5 Qb4 19. Nc7 Bxb3 20. Nxe8 Rxe8 21. Qc1 b5 22. Qb2 {1-0 (22) De Winter,A (2455)-Mostertman,M (2300) Hilversum NED 2026}) 15... Bg6 16. a4 h5 17. Rc1 Ng4 18. Nxc6 bxc6 19. Bxg4 hxg4 20. Rxc6 Qd7 21. Rc4 Re4 22. b3 Rxc4 23. bxc4 d4 24. Qxd4 Qxd4 25. Bxd4 Rxa4 26. Bxb6 Rxc4 27. f4 Rb4 28. Be3 Rb1 29. Bc1 Be4 30. Kf2 f5 31. Be3 Rxf1+ 32. Kxf1 Kf7 33. Kg1 g6 34. Kf1 Ke6 35. Bd4 Kf7 36. Kf2 Ke6 37. Bc3 Kf7 38. Bb2 Ke6 39. Bc3 Kf7 40. Bb2 Ke6 41. Bc3 1/2-1/2

[Event "Titled Tue 21st Mar Early"]
[Site "chess.com INT"]
[Date "2023.03.21"]
[Round "10"]
[White "Andreikin, D."]
[Black "Bachmann, Ax"]
[Result "0-1"]
[WhiteElo "2729"]
[BlackElo "2604"]
[PlyCount "58"]
[EventDate "2023.03.21"]

1. Nf3 Nf6 2. c4 e6 3. Nc3 d5 4. e3 c5 5. cxd5 exd5 6. d4 Nc6 7. Be2 cxd4 8. Nxd4 Bd6 9. O-O O-O 10. b3 Nxd4 11. Qxd4 Re8 12. Bb2 Be5 13. Qh4 ({RR} 13. Qd2 d4 14. Rad1 Ng4 15. h3 Qh4 16. exd4 Bh2+ 17. Kh1 Bd6 18. Bb5 Re3 19. f4 a6 20. Bc4 b5 21. Bd5 Bf5 22. Kg1 Rd3 23. Qe1 Rg3 24. Ne2 {1-0 (24) Khismatullin,D (2657)-Ionov,S (2548) Dagomys 2010}) ({RR} 13. Qd2 Bf5 14. Rfd1 Ne4 15. Nxe4 Bxb2 16. Qxb2 Bxe4 17. Bd3 Qe7 18. Rd2 Rac8 19. Rad1 h5 20. h3 Rc7 21. Bxe4 dxe4 22. Rd5 h4 23. Qd4 b6 24. a4 Rc6 25. b4 Re6 26. b5 Rg6 27. Rd8 Re6 {Svane,R (2620)-Vogel,R (2534) Berlin GER 2025 1-0 (40)}) ({RR} 13. Qd2 d4 14. Rad1 Ng4 15. h3 Qh4 16. exd4 Bh2+ 17. Kh1 Bd6 18. Bb5 Re3 19. f4 a6 20. Bc4 b5 21. Bd5 Bf5 22. Kg1 Rd3 23. Qe1 Rg3 24. Ne2 {1-0 (24) Khismatullin,D (2657)-Ionov,S (2548) Dagomys 2010}) ({RR} 13. Qd2 Bf5 14. Rfd1 Ne4 15. Nxe4 Bxb2 16. Qxb2 Bxe4 17. Bd3 Qe7 18. Rd2 Rac8 19. Rad1 h5 20. h3 Rc7 21. Bxe4 dxe4 22. Rd5 h4 23. Qd4 b6 24. a4 Rc6 25. b4 Re6 26. b5 Rg6 27. Rd8 Re6 {Svane,R (2620)-Vogel,R (2534) Berlin GER 2025 1-0 (40)}) 13... Ne4 14. Qxd8 Rxd8 15. Rac1 $146 ({RR} 15. Nxe4 Bxb2 16. Rad1 Be6 17. Nc5 b6 18. Nxe6 fxe6 19. Rd2 Ba3 20. Ba6 Rd6 21. Rc2 Rad8 22. Rd1 Kf7 23. Bb5 d4 24. Rc7+ Kf6 25. exd4 Rxd4 26. Rxd4 Rxd4 27. Rd7 Rxd7 28. Bxd7 Ke5 29. Kf1 Kd6 {Ambartsumova,K (2382)-Krivonosov,O (2371) Chess.com INT 2021 ½-½ (145)}) ({RR} 15. Nxe4 Bxb2 16. Rad1 Be6 17. Nc5 b6 18. Nxe6 fxe6 19. Rd2 Ba3 20. Ba6 Rd6 21. Rc2 Rad8 22. Rd1 Kf7 23. Bb5 d4 24. Rc7+ Kf6 25. exd4 Rxd4 26. Rxd4 Rxd4 27. Rd7 Rxd7 28. Bxd7 Ke5 29. Kf1 Kd6 {Ambartsumova,K (2382)-Krivonosov,O (2371) Chess.com INT 2021 ½-½ (145)}) 15... Be6 16. f3 Nxc3 17. Bxc3 Bxc3 18. Rxc3 d4 19. exd4 Rxd4 20. Rfc1 g5 21. Kf2 Rad8 22. Ke3 f5 23. Bd3 Kf7 24. Rc7+ Kf6 25. R1c3 f4+ 26. Ke2 Bf5 27. Bxf5 Rd2+ 28. Kf1 Rd1+ 29. Kf2 R8d2# 0-1

[Event "Titled Tue 7th Mar Late"]
[Site "chess.com INT"]
[Date "2023.03.07"]
[Round "9"]
[White "Firouzja, Alireza"]
[Black "Liang, Awonder"]
[Result "1-0"]
[WhiteElo "2785"]
[BlackElo "2643"]
[PlyCount "33"]
[EventDate "2023.03.07"]

1. d4 Nf6 2. c4 e6 3. a3 d5 4. e3 c5 ({RR} 4... dxc4 5. Bxc4 c5 6. Ne2 a6 7. Nbc3 b5 8. Bb3 Bb7 9. O-O Qc7 10. dxc5 Nbd7 11. f3 Nxc5 12. Bc2 Rd8 13. Qe1 Bd6 14. h3 O-O 15. e4 Bh2+ 16. Kh1 Be5 17. Be3 Nd3 18. Bxd3 Rxd3 19. Qf2 {Everet,A (2225)-Drasko,M (2520) Montecatini Terme 1997 0-1 (56)}) ({RR} 4... dxc4 5. Bxc4 c5 6. Ne2 a6 7. Nbc3 b5 8. Bb3 Bb7 9. O-O Qc7 10. dxc5 Nbd7 11. f3 Nxc5 12. Bc2 Rd8 13. Qe1 Bd6 14. h3 O-O 15. e4 Bh2+ 16. Kh1 Be5 17. Be3 Nd3 18. Bxd3 Rxd3 19. Qf2 {Everet,A (2225)-Drasko,M (2520) Montecatini Terme 1997 0-1 (56)}) 5. cxd5 ({RR} 5. dxc5 Bxc5 6. b4 Bd6 7. Bb2 O-O 8. Nd2 Nc6 9. Ngf3 Qe7 10. Be2 Rd8 11. Qb3 Bd7 12. O-O Be8 13. Rac1 Rac8 14. Rfd1 h6 15. h3 Bb8 16. cxd5 Nxd5 17. Ne4 f5 18. Nc5 Bf7 19. Bc4 Na5 {Maksudshoev,K (2030)-Abdulrahman Mohammad,A (2105) Kazan RUS 2024 1-0 (37)}) ({RR} 5. dxc5 Bxc5 6. b4 Bd6 7. Bb2 O-O 8. Nd2 Nc6 9. Ngf3 Qe7 10. Be2 Rd8 11. Qb3 Bd7 12. O-O Be8 13. Rac1 Rac8 14. Rfd1 h6 15. h3 Bb8 16. cxd5 Nxd5 17. Ne4 f5 18. Nc5 Bf7 19. Bc4 Na5 {Maksudshoev,K (2030)-Abdulrahman Mohammad,A (2105) Kazan RUS 2024 1-0 (37)}) 5... exd5 6. Nf3 Nc6 7. Nc3 $146 ({RR} 7. Bb5 Bg4 8. Qa4 Qc7 9. Nbd2 Bd6 10. dxc5 Bxc5 11. b4 Be7 12. Bb2 O-O 13. Rc1 a5 14. Bxc6 axb4 15. Bb5 Qxc1+ 16. Bxc1 Rxa4 17. Bxa4 bxa3 18. Bb3 Rc8 19. O-O b5 20. Nd4 b4 21. f3 Bd7 {Baylav,B (1781)-Eke,S (1816) Konya 2018 1-0 (63)}) ({RR} 7. Bb5 Bg4 8. Qa4 Qc7 9. Nbd2 Bd6 10. dxc5 Bxc5 11. b4 Be7 12. Bb2 O-O 13. Rc1 a5 14. Bxc6 axb4 15. Bb5 Qxc1+ 16. Bxc1 Rxa4 17. Bxa4 bxa3 18. Bb3 Rc8 19. O-O b5 20. Nd4 b4 21. f3 Bd7 {Baylav,B (1781)-Eke,S (1816) Konya 2018 1-0 (63)}) 7... Bg4 8. Be2 Bd6 9. dxc5 Bxc5 10. O-O O-O 11. b4 Bb6 12. Bb2 d4 13. Nxd4 Nxd4 14. Bxg4 Nxg4 15. Qxg4 Nc6 16. Nd5 f6 17. Rad1 1-0

[Event "Titled Tue 21st Mar Early"]
[Site "chess.com INT"]
[Date "2023.03.21"]
[Round "5"]
[White "Bachmann, Ax"]
[Black "Bluebaum, M."]
[Result "1-0"]
[WhiteElo "2604"]
[BlackElo "2661"]
[PlyCount "183"]
[EventDate "2023.03.21"]

1. c4 e6 2. Nf3 d5 3. e3 Nf6 4. b3 Bd6 5. Bb2 O-O 6. Nc3 c5 7. cxd5 exd5 8. d4 Nc6 9. Be2 cxd4 10. Nxd4 Nxd4 11. Qxd4 Re8 12. O-O Be5 13. Qd2 d4 14. Nb5 ({RR} 14. exd4 Qxd4 15. Qxd4 Bxd4 16. Bf3 Rd8 17. h3 Rb8 18. Rfd1 Be6 19. Kf1 b5 20. Rd2 b4 21. Na4 Bxb2 22. Rxb2 Rbc8 23. Rd1 Rxd1+ 24. Bxd1 Rc1 25. Rd2 g5 26. Rd4 Nd5 27. Ke1 Nc3 28. Nc5 Bf5 {Kazakouski,V (2594)-Bluebaum,M (2694) chess.com INT 2026 0-1 (31)}) ({RR} 14. exd4 Qxd4 15. Qxd4 Bxd4 16. Bf3 Rd8 17. h3 Rb8 18. Rfd1 Be6 19. Kf1 b5 20. Rd2 b4 21. Na4 Bxb2 22. Rxb2 Rbc8 23. Rd1 Rxd1+ 24. Bxd1 Rc1 25. Rd2 g5 26. Rd4 Nd5 27. Ke1 Nc3 28. Nc5 Bf5 {Kazakouski,V (2594)-Bluebaum,M (2694) chess.com INT 2026 0-1 (31)}) 14... Ne4 15. Qd3 ({RR} 15. Qd1 Qh4 16. f4 Bf6 17. Bxd4 Bxd4 18. Qxd4 Bf5 19. Nc7 Rad8 20. Qb4 Re7 21. Nb5 Red7 22. Nd4 Qf6 23. Bf3 Nd6 24. Rae1 Be4 25. h3 Bxf3 26. Nxf3 Nf5 27. e4 Ng3 28. e5 Qa6 29. Rf2 Qb6 {Nihal,S (2620)-Oparin,G (2652) Chess.com INT 2020 0-1 (73)}) ({RR} 15. Qd1 Qh4 16. f4 Bf6 17. Bxd4 Bxd4 18. Qxd4 Bf5 19. Nc7 Rad8 20. Qb4 Re7 21. Nb5 Red7 22. Nd4 Qf6 23. Bf3 Nd6 24. Rae1 Be4 25. h3 Bxf3 26. Nxf3 Nf5 27. e4 Ng3 28. e5 Qa6 29. Rf2 Qb6 {Nihal,S (2620)-Oparin,G (2652) Chess.com INT 2020 0-1 (73)}) 15... Nc5 16. Qc4 $146 d3 17. Bh5 Be6 18. Qxc5 Bxb2 19. Rad1 Rc8 20. Qb4 a5 21. Qd2 Be5 22. Qxd3 Qh4 23. f4 Qxh5 24. fxe5 Qxe5 25. Nd4 Bd5 26. Rf5 Qe4 27. Qxe4 Bxe4 28. Rxa5 h6 29. h3 Rc3 30. Kf2 Bg6 31. Re1 Rd3 32. Re2 Rc8 33. Rb5 Be4 34. Rb4 Rd1 35. Kg3 f5 36. Kh2 Rcc1 37. Ne6 g5 38. Rb5 Kf7 39. Rb6 Bc6 40. Nd4 Be4 41. Rxh6 Kg7 42. Rb6 Rh1+ 43. Kg3 Rcf1 44. Ne6+ Kg8 45. Nxg5 Bc6 46. Nf3 Rc1 47. Kf4 Rhf1 48. Kg3 Kf7 49. Nd4 Be4 50. Rb5 Rg1 51. Rf2 Rc3 52. Nxf5 Bc6 53. Rb4 Ke8 54. Rbf4 Kd7 55. Kh2 Rcc1 56. Nd4 Rh1+ 57. Kg3 Rce1 58. Rf7+ Kd6 59. Nxc6 bxc6 60. R7f6+ Ke5 61. R6f3 c5 62. Kg4 Ke4 63. Rf4+ Kxe3 64. R2f3+ Kd2 65. Rc4 Re2 66. g3 Rhe1 67. Rxc5 Re8 68. Rff5 R1e4+ 69. Rf4 R4e7 70. Rd4+ Ke3 71. Rf4 Rg8+ 72. Rg5 Ra8 73. h4 Rxa2 74. b4 Rb2 75. b5 Rb7 76. h5 Rh2 77. Rf3+ Ke4 78. Rf4+ Ke3 79. Rf6 Ke4 80. b6 Rb2 81. h6 Rh2 82. Rg7 Rxh6 83. Rxb7 Rxf6 84. Re7+ Kd5 85. b7 Rb6 86. Kf5 Rb1 87. Kg6 Kd6 88. Kf7 Rf1+ 89. Ke8 Rb1 90. g4 Kc6 91. g5 Rb5 92. g6 1-0